| 000 -LEADER | |
|---|---|
| fixed length control field | 00445nam a22001697a 4500 |
| 005 - DATE AND TIME OF LATEST TRANSACTION | |
| control field | 20180710095132.0 |
| 008 - FIXED-LENGTH DATA ELEMENTS--GENERAL INFORMATION | |
| fixed length control field | 160512b xxu||||| |||| 00| 0 eng d |
| 020 ## - INTERNATIONAL STANDARD BOOK NUMBER | |
| ISBN | 81-203-1369-0 |
| 041 ## - LANGUAGE CODE | |
| Language code of text/sound track or separate title | eng |
| 082 ## - DEWEY DECIMAL CLASSIFICATION NUMBER | |
| Item number | 1666 |
| Classification number | 658.15 |
| 100 ## - MAIN ENTRY--AUTHOR NAME | |
| Personal name | Pike, Richard,AND Bill, Neale |
| 245 ## - TITLE STATEMENT | |
| Title | Corporate Finance investment:Decision and Strategies |
| 260 ## - PUBLICATION, DISTRIBUTION, ETC. (IMPRINT) | |
| Place of publication | New Delhi |
| Name of publisher | PHI, |
| Year of publication | 1996 |
| 300 ## - PHYSICAL DESCRIPTION | |
| Number of Pages | 706p, |
| 650 ## - SUBJECT ADDED ENTRY--TOPICAL TERM | |
| Topical Term | Management |
| 942 ## - ADDED ENTRY ELEMENTS (KOHA) | |
| Koha item type | Books |
| Lost status | Damaged status | Collection code | Home library | Current library | Shelving location | Date acquired | Cost, normal purchase price | Full call number | Accession Number | Koha item type |
|---|---|---|---|---|---|---|---|---|---|---|
| MANAGEMENT | JRU Library | JRU Library | SHELF -72 - I | 12/05/2016 | 325.00 | 658.15 | 1666 | Books | ||
| MANAGEMENT | JRU Library | JRU Library | SHELF -72 - I | 12/05/2016 | 325.00 | 658.15 | 1667 | Books | ||
| MANAGEMENT | JRU Library | JRU Library | SHELF -72 - I | 12/05/2016 | 325.00 | 658.15 | 1668 | Books | ||
| MANAGEMENT | JRU Library | JRU Library | SHELF -72 - I | 12/05/2016 | 325.00 | 658.15 | 1669 | Books | ||
| MANAGEMENT | JRU Library | JRU Library | SHELF-75-K | 12/05/2016 | 325.00 | 658.15 | 1670 | Books | ||
| MANAGEMENT | JRU Library | JRU Library | SHELF -72 - I | 12/05/2016 | 325.00 | 658.15 | 1671 | Books |